Final report. (Record no. 71838)

MARC details
000 -LEADER
fixed length control field 00593nam a22002051 4500
001 - CONTROL NUMBER
control field sa 67000232
003 - CONTROL NUMBER IDENTIFIER
control field DLC
005 - DATE AND TIME OF LATEST TRANSACTION
control field 20260227112313.0
008 - FIXED-LENGTH DATA ELEMENTS--GENERAL INFORMATION
fixed length control field 740123s1966 ii a 00000 eng
010 ## - LIBRARY OF CONGRESS CONTROL NUMBER
LC control number sa 67000232
025 ## - OVERSEAS ACQUISITION NUMBER
Overseas acquisition number PL480:I-E-6325
043 ## - GEOGRAPHIC AREA CODE
Geographic area code a-ii---
050 0# - LIBRARY OF CONGRESS CALL NUMBER
Classification number HE271
Item number .A72
082 ## - DEWEY DECIMAL CLASSIFICATION NUMBER
Classification number 380.50954
110 10 - MAIN ENTRY--CORPORATE NAME
Corporate name or jurisdiction name as entry element India (Republic)
Subordinate unit Committee on Transport Policy and Coordination.
245 00 - TITLE STATEMENT
Title Final report.
260 0# - PUBLICATION, DISTRIBUTION, ETC.
Place of publication, distribution, etc. New Delhi,
Name of publisher, distributor, etc. Govt. of India, Planning Commission,
Date of publication, distribution, etc. 1966.
300 ## - PHYSICAL DESCRIPTION
Extent vii, 340 p.
Other physical details illus.
Dimensions 24 cm.
650 #0 - SUBJECT ADDED ENTRY--TOPICAL TERM
Topical term or geographic name entry element Transportation and state
Geographic subdivision India.

No items available.

Powered by Koha